Giải tích số
Một số khái niệm cơ bản về giải tích số. Giải tích số trong giải tích và trong đại số. Giải gần đúng các phương trình vi phân thường, các phương trình đạo hàm riêng và phương trình tích phân. Phương trình Volerra - Fredholh...
Uloženo v:
| Hlavní autor: | |
|---|---|
| Další autoři: | |
| Médium: | Kniha |
| Jazyk: | Vietnamese |
| Vydáno: |
H.
Giáo dục
2001
|
| Témata: | |
| Tagy: |
Přidat tag
Žádné tagy, Buďte první, kdo otaguje tento záznam!
|
| Thư viện lưu trữ: | Mạng thư viện Đại học Đà Nẵng |
|---|
| LEADER | 01459nam a2200349 4500 | ||
|---|---|---|---|
| 001 | 000007980 | ||
| 003 | 4158 | ||
| 005 | 20111013131042.0 | ||
| 008 | 111013s2001 viesd | ||
| 020 | |c 28200đ | ||
| 041 | 0 | |a vie | |
| 082 | |a 518 |b Gia | ||
| 100 | 0 | |a Nguyễn Minh Chương | |
| 245 | 0 | |a Giải tích số |c B.s: Nguyễn Minh Chương (ch.b), Nguyễn Văn Khải, Khuất Văn Ninh.. | |
| 260 | |a H. |b Giáo dục |c 2001 | ||
| 300 | |a 460tr |c 21cm | ||
| 500 | |a Thư mục: tr. 446-452 | ||
| 520 | |a Một số khái niệm cơ bản về giải tích số. Giải tích số trong giải tích và trong đại số. Giải gần đúng các phương trình vi phân thường, các phương trình đạo hàm riêng và phương trình tích phân. Phương trình Volerra - Fredholh... | ||
| 653 | |a Giải tích số | ||
| 653 | |a Giáo trình | ||
| 700 | |a Nguyễn Văn Khải |a Khuất Văn Ninh |a Nguyễn Văn Tuấn |a Nguyễn Tường |e Tác giả | ||
| 910 | |a Phuong |d 13/10/2011 | ||
| OWN | |a LSP | ||
| AVA | |a UDN50 |b LSP |d 518 Gia |e available |t Error 5001 Not defined in file expand_doc_bib_avail. |f 1 |g 0 |h N |i 0 |k 1 | ||
| 999 | |a From the UDN01 | ||
| AVA | |a UDN50 |b LSP |d 518 Gia |e available |t Error 5001 Not defined in file expand_doc_bib_avail. |f 1 |g 0 |h N |i 0 |k 1 | ||
| TYP | |a Monograph | ||
| TYP | |a Printed language | ||
| 980 | |a Mạng thư viện Đại học Đà Nẵng | ||